| 000 | 00439nam a2200181Ia 4500 | ||
|---|---|---|---|
| 003 | OSt | ||
| 005 | 20260401105235.0 | ||
| 008 | 250729s2011 xx 000 0 und d | ||
| 040 | _cAL | ||
| 041 | _aeng | ||
| 082 | _a520.2 KARM | ||
| 100 |
_aGovt of Karnataka _9230785 |
||
| 245 | _aMathematics - 9th Std | ||
| 260 |
_aBangalore _bKarnataka Text Book Socity _c2011 |
||
| 300 | _a300p | ||
| 650 |
_aEnglish _9230786 |
||
| 942 |
_2ddc _cBED |
||
| 999 |
_c238955 _d238955 |
||